| 000 | 00992nam a2200289Mi 4500 | ||
|---|---|---|---|
| 001 | 50440 | ||
| 005 | 20230411090003.0 | ||
| 008 | 070528s2006 mx 000 0 spa d | ||
| 035 | _a(OCoLC)ocn137316810 | ||
| 040 |
_aPL# _bspa _cPL# |
||
| 020 | _a9709385089 | ||
| 020 | _a9789709385083 | ||
| 029 | 0 |
_aPL# _b070009254 |
|
| 035 | _a(OCoLC)137316810 | ||
| 049 | _aGRAL | ||
| 245 | 0 | 0 |
_aTerrorismo, democracia y seguridad : _b11 de septiembre: cinco años después / _cMaría Cristina Rosas, coordinadora. |
| 250 | _a1a. ed. | ||
| 260 |
_aMéxico, D.F. : _bUniversidad Nacional Autónoma de México. Coordinacion de Humanidades, _c2006. |
||
| 300 |
_a322 p. ; _c22 cm. |
||
| 653 |
_aTerrorismo _aSiglo XXI _aEstados Unidos |
||
| 653 |
_aDemocracia _aEstados Unidos _aSiglo XXI |
||
| 653 |
_aPolitica _aTerrorismo _aDemocracia _aSiglo XXI |
||
| 700 | 1 |
_aRosas, María Cristina, _ecoord. |
|
| 938 |
_aPuvill Libros _bPUVL _n9789709385083 _c$66.31 |
||
| 942 |
_2lcc _cbk |
||
| 994 |
_aC0 _bDRFGD |
||
| 999 |
_c110448 _d110448 |
||